• 首页
  • 本馆介绍
  • 公告通知
  • 最新文献
  • 馆藏检索
  • 电子资源
  • 读者导购
  • 参考咨询
  • 我的图书馆
  • 登录
  • 详细信息显示
  • 放入我的书架
  • 预约/预借图书
  • 作者相关作品
  • 分类相关作品
  • 丛书相关作品
  • 出版社相关作品

书目信息

  • 表格格式
  • 工作单格式
  • 卡片格式
题名:
大气数值模式及模拟
    
 
作者: 王澄海 , 隆霄 , 杨毅 编著
分册:  
出版信息: 北京   气象出版社  2011
页数: 293页
开本: 26cm
丛书名:
单 册:
中图分类: P435
科图分类:
主题词: 大气动力学--da qi dong li xue--数值模式 , 大气动力学--da qi dong li xue--数值模拟
电子资源:
ISBN: 978-7-5029-5114-6
000 01195nam0 2200289 450
001 012001002671
005 20131015113802.0
010    @a978-7-5029-5114-6@dCNY45.00
099    @aCAL 012011077054
100    @a20110413d2011 em y0chiy50 ea
101 0  @achi
102    @aCN@b110000
105    @aak a 000yy
106    @ar
200 1  @a大气数值模式及模拟@Ada qi shu zhi mo shi ji mo ni@f王澄海, 隆霄, 杨毅编著
210    @a北京@c气象出版社@d2011
215    @a293页@c图@d26cm
320    @a有书目 (第290-293页)
330    @a本书系统讲述大气数值模式及其模拟的原理和方法。本书的内容包括:大气数值模式的基本概念;大气数值模式设计的基本方程和动力框架;初、边界条件的类型和给定方法;大气边界层及其陆面参数化方案;大气辐射、湿物理过程的处理方案;较新的资料同化方法等,最后给出了几种最新的大气模式、陆面模式的模拟试验和资料同化的个例,并简介了新版中尺度模式WRF的基本特点。
606 0  @a大气动力学@Ada qi dong li xue@x数值模式
606 0  @a大气动力学@Ada qi dong li xue@x数值模拟
690    @aP435@v5
701  0 @a王澄海@Awang cheng hai@4编著
701  0 @a隆霄@Along xiao@4编著
701  0 @a杨毅@Ayang yi@4编著
801  0 @aCN@b北京卓展@c20191020
905    @b1205606-9@dP435@e155@f4
    
    大气数值模式及模拟/王澄海, 隆霄, 杨毅编著.-北京:气象出版社,2011
    293页:图;26cm
    
    
    ISBN 978-7-5029-5114-6:CNY45.00
    本书系统讲述大气数值模式及其模拟的原理和方法。本书的内容包括:大气数值模式的基本概念;大气数值模式设计的基本方程和动力框架;初、边界条件的类型和给定方法;大气边界层及其陆面参数化方案;大气辐射、湿物理过程的处理方案;较新的资料同化方法等,最后给出了几种最新的大气模式、陆面模式的模拟试验和资料同化的个例,并简介了新版中尺度模式WRF的基本特点。
●
相关链接 在E读中查询图书 在五车中查询图书 在当当中查询图书 在豆瓣中查询图书


正题名:大气数值模式及模拟     索取号:P435/155         预约/预借

序号 登录号 条形码 馆藏地/架位号 状态 备注
1 1205606   212056068   第二样本阅览室/ [索取号:P435/155] 在馆    
2 1205607   212056077   第三借阅区/ [索取号:P435/155] 在馆    
3 1205608   212056086   第三借阅区/ [索取号:P435/155] 在馆    
4 1205609   212056095   第三借阅区/ [索取号:P435/155] 在馆    
欢迎您!
大连网信软件有限公司© 版权所有